Central Library, Doon University
WEBOPAC (ONLINE PUBLIC ACCESS CATALOGUE)

Business Mathematics And Statistics (Record no. 60982)

MARC details
000 -LEADER
fixed length control field 00552nam a22001937a 4500
005 - DATE & TIME
control field 20260604105616.0
008 - FIXED-LENGTH DATA ELEMENTS--GENERAL INFORMATION
fixed length control field 260604b |||||||| |||| 00| 0 eng d
020 ## - ISBN
International Standard Book Number 9789380444796
Price 795.00
040 ## - CATALOGING SOURCE
Original cataloging agency Doon University
041 ## - Language
Language English
082 ## - DDC NUMBER
Classification number 510.24058
Book Number AGG
100 ## - MAIN ENTRY--PERSONAL NAME
Personal name Aggarwal, Kapil Kumar
245 ## - TITLE STATEMENT
Title Business Mathematics And Statistics
Sub Title : For Commerce And Management
260 ## - PUBLICATION, DISTRIBUTION, ETC. (IMPRINT)
Place of publication, distribution, etc New Delhi
Name of publisher, distributor, etc A.B. Publication
Date of publication, distribution, etc 2022
300 ## - PHYSICAL DESCRIPTION
Pages 506
650 ## - Subject
Subject Commerce (PM USHA)
700 ## - Added Entry Personal Name
Added Entry Personal Name Aggarwal, Vishu
942 ## - ADDED ENTRY ELEMENTS (KOHA)
Koha item type Books
100 ## - MAIN ENTRY--PERSONAL NAME
-- 18618
650 ## - Subject
-- 26705
700 ## - Added Entry Personal Name
-- 18619
952 ## - LOCATION AND ITEM INFORMATION (KOHA)
-- 2026-06-04
952 ## - LOCATION AND ITEM INFORMATION (KOHA)
-- 2026-06-04
952 ## - LOCATION AND ITEM INFORMATION (KOHA)
-- 2026-06-04
952 ## - LOCATION AND ITEM INFORMATION (KOHA)
-- 2026-06-04
952 ## - LOCATION AND ITEM INFORMATION (KOHA)
-- 2026-06-04
Holdings
Withdrawn status Lost status Source of classification or shelving scheme Damaged status Not for loan Location (home branch) Sublocation or collection (holding branch) Date acquired Koha issues (times borrowed) Koha full call number Accession No. Koha date last seen Koha item type
          Doon University Doon University 04.06.2026   510.24058 AGG 34558 04.06.2026 Books
          Doon University Doon University 04.06.2026   510.24058 AGG 34559 04.06.2026 Books
          Doon University Doon University 04.06.2026   510.24058 AGG 34560 04.06.2026 Books
          Doon University Doon University 04.06.2026   510.24058 AGG 34561 04.06.2026 Books
          Doon University Doon University 04.06.2026   510.24058 AGG 34562 04.06.2026 Books
Contact : +91-135-2533126 (Library),+91-135-2533105 (Admin Office) , Email : doonlibrary@gmail.com

Powered by Koha